[Event "Le Port Marly rapid op"]
[Site "Le Port Marly"]
[Date "2019.01.06"]
[Round "2"]
[White "Fontaine, Olivier"]
[Black "Guliyev, Namig"]
[Result "0-1"]
[WhiteElo "1819"]
[BlackElo "2533"]
[PlyCount "46"]
[EventDate "2019.01.06"]
[EventType "swiss (rapid)"]
[EventRounds "9"]
[EventCountry "FRA"]
[SourceTitle "CBM 188 Extra"]
[Source "ChessBase"]
[SourceDate "2019.02.26"]
[SourceVersion "1"]
[SourceVersionDate "2019.02.26"]
[SourceQuality "1"]

1. Nf3 d5 2. g3 Nf6 3. Bg2 Bf5 4. b3 e6 5. Bb2 c5 6. d3 Nc6 7. Nbd2 Be7 8. 0-0 h6 9. Ne5 Nxe5 10. Bxe5 0-0 11. e4 Bg4 12. f3 Bh5 13. exd5 Nxd5 14. Re1 Bf6 15. Bxf6 Qxf6 16. Kh1 Rad8 17. Ne4 Qe7 18. Qe2 b6 19. g4 Bg6 20. Ng3 Rfe8 21. Rf1 Qc7 22. Rae1 f6 23. h4 Qxg3 0-1

[Event "London Classic op 7th"]
[Site "London"]
[Date "2015.12.06"]
[Round "4"]
[White "Myall, Ivan J"]
[Black "Fontaine, Olivier"]
[Result "1-0"]
[WhiteElo "2048"]
[BlackElo "1826"]
[PlyCount "87"]
[EventDate "2015.12.04"]
[EventType "swiss"]
[EventRounds "9"]
[EventCountry "ENG"]
[SourceTitle "CBM 169 Extra"]
[Source "ChessBase"]
[SourceDate "2015.12.18"]
[SourceVersion "1"]
[SourceVersionDate "2015.12.18"]
[SourceQuality "1"]

1. e4 d5 2. exd5 Qxd5 3. Nf3 Nf6 4. d4 g6 5. c4 Qd6 6. Nc3 c6 7. h3 Bg7 8. Be3 0-0 9. Qd2 Re8 10. Be2 Nbd7 11. Bf4 Qb4 12. Bc7 b6 13. a3 Qa5 14. 0-0 Qa6 15. Bh2 Qb7 16. Rac1 a5 17. Ne5 Nxe5 18. dxe5 Nd7 19. Qe3 Nc5 20. Bf3 Ne6 21. Na4 Rb8 22. b4 Qc7 23. c5 b5 24. Nb6 Rd8 25. Rfd1 Bd7 26. Bg4 Be8 27. Bxe6 fxe6 28. bxa5 Rxd1+ 29. Rxd1 Rd8 30. Rxd8 Qxd8 31. Bf4 Qc7 32. Qb3 Bd7 33. Qc3 Be8 34. a6 g5 35. Bg3 h5 36. f4 h4 37. Bh2 gxf4 38. Bxf4 Kh7 39. Qe1 Kg8 40. Kh2 Bg6 41. Qxh4 Qa7 42. Qg5 Kh7 43. Nc8 Qxa6 44. Nxe7 1-0

[Event "Davos op 11th"]
[Site "Davos"]
[Date "2013.08.08"]
[Round "3"]
[White "Fontaine, Olivier"]
[Black "Cacciola, Alfredo"]
[Result "0-1"]
[WhiteElo "1908"]
[BlackElo "2100"]
[PlyCount "68"]
[EventDate "2013.08.06"]
[EventType "swiss"]
[EventRounds "5"]
[EventCountry "SUI"]
[SourceTitle "CBM 155 Extra"]
[Source "ChessBase"]
[SourceDate "2013.08.26"]
[SourceVersion "1"]
[SourceVersionDate "2013.08.26"]
[SourceQuality "1"]

1. d4 Nf6 2. c4 g6 3. g3 Bg7 4. Bg2 0-0 5. Nf3 d6 6. 0-0 Nc6 7. d5 Na5 8. Nbd2 c5 9. h3 a6 10. e4 Nd7 11. Rb1 Qc7 12. b3 Rb8 13. Bb2 Bxb2 14. Rxb2 b5 15. Rc2 bxc4 16. Nxc4 Nxc4 17. Rxc4 a5 18. Re1 Ba6 19. Rc3 a4 20. bxa4 Qa5 21. Rce3 f6 22. Nh4 Ne5 23. f4 Nc4 24. Rb3 Nb2 25. Qa1 c4 26. Rxb8 Rxb8 27. e5 c3 28. exf6 exf6 29. Re7 c2 30. Kh2 Qc3 31. Qc1 Nd3 32. Qe3 Qe1 33. Qxe1 Nxe1 34. Rxe1 Rb1 0-1

[Event "Davos op 11th"]
[Site "Davos"]
[Date "2013.08.07"]
[Round "2"]
[White "Smith, Brian"]
[Black "Fontaine, Olivier"]
[Result "0-1"]
[WhiteElo "1714"]
[BlackElo "1908"]
[PlyCount "71"]
[EventDate "2013.08.06"]
[EventType "swiss"]
[EventRounds "5"]
[EventCountry "SUI"]
[SourceTitle "CBM 155 Extra"]
[Source "ChessBase"]
[SourceDate "2013.08.26"]
[SourceVersion "1"]
[SourceVersionDate "2013.08.26"]
[SourceQuality "1"]

1. d4 d5 2. c4 dxc4 3. Nc3 Nf6 4. e3 e6 5. Bxc4 a6 6. a4 c5 7. Nf3 Nc6 8. 0-0 cxd4 9. exd4 Nb4 10. Qe2 Be7 11. Bg5 0-0 12. Rfd1 Nfd5 13. Nxd5 Nxd5 14. Bxd5 Bxg5 15. Nxg5 Qxd5 16. Nf3 b6 17. Ra3 Bb7 18. Rc3 Rac8 19. Rdc1 Rxc3 20. Rxc3 Rd8 21. h3 Qe4 22. Qxe4 Bxe4 23. Ng5 Bg6 24. Nf3 Be4 25. Ng5 Bd5 26. Rc7 f6 27. Nf7 Rf8 28. Nd6 b5 29. axb5 axb5 30. Rc8 Rxc8 31. Nxc8 Kf8 32. Na7 b4 33. Nc8 Ke8 34. f3 Kd7 35. Nb6+ Kc6 36. Nc8 0-1

[Event "Davos op 11th"]
[Site "Davos"]
[Date "2013.08.06"]
[Round "1"]
[White "Fontaine, Olivier"]
[Black "Boschetti, Claudio"]
[Result "0-1"]
[WhiteElo "1908"]
[BlackElo "2148"]
[PlyCount "172"]
[EventDate "2013.08.06"]
[EventType "swiss"]
[EventRounds "5"]
[EventCountry "SUI"]
[SourceTitle "CBM 155 Extra"]
[Source "ChessBase"]
[SourceDate "2013.08.26"]
[SourceVersion "1"]
[SourceVersionDate "2013.08.26"]
[SourceQuality "1"]

1. d4 Nf6 2. c4 e5 3. dxe5 Ng4 4. Bf4 Nc6 5. Nf3 Bb4+ 6. Nbd2 Qe7 7. a3 Ngxe5 8. Nxe5 Nxe5 9. Bxe5 Bxd2+ 10. Qxd2 Qxe5 11. e3 0-0 12. Be2 Re8 13. 0-0 a5 14. b3 Ra6 15. Bf3 Rd6 16. Qc2 Rh6 17. g3 d6 18. Rad1 Bf5 19. Qd2 Be4 20. Bxe4 Qxe4 21. Qd5 b6 22. Qxe4 Rxe4 23. h4 a4 24. bxa4 Rxc4 25. Rc1 d5 26. Rfd1 Kf8 27. Kf1 Rhc6 28. Rxc4 dxc4 29. Ke2 Ke7 30. Rd4 c3 31. Kd1 c2+ 32. Kc1 Rc3 33. Rd2 Rxa3 34. Rxc2 Kd6 35. Rd2+ Kc6 36. Rc2+ Kb7 37. Rc4 Ra2 38. Rf4 f6 39. Kb1 Rd2 40. h5 h6 41. Kc1 Rd7 42. Kc2 Ka6 43. Kb3 c5 44. Kc3 Ka5 45. Re4 Rd5 46. g4 Rg5 47. Kb3 f5 48. gxf5 Rxf5 49. Re7 Ka6 50. Rxg7 Rxf2 51. Rg6 Rf3 52. Re6 Rh3 53. Re5 Ka5 54. Re8 Ka6 55. Re5 Rh4 56. e4 Rh1 57. Kc4 Rd1 58. Re6 Rd4+ 59. Kb3 Rb4+ 60. Ka3 Ka5 61. e5 Rxa4+ 62. Kb3 Re4 63. Rxh6 Rxe5 64. Rh8 Kb5 65. h6 Rh5 66. h7 Rh2 67. Kc3 c4 68. Kd4 Rh3 69. Kd5 c3 70. Rc8 Rxh7 71. Rxc3 Rd7+ 72. Ke4 Kb4 73. Rc8 b5 74. Rb8 Kc4 75. Rc8+ Kb3 76. Rc1 Kb2 77. Rc5 b4 78. Rb5 b3 79. Rb8 Kc2 80. Rc8+ Kb1 81. Rb8 b2 82. Rb6 Ra7 83. Kd3 Ra3+ 84. Kd2 Ra7 85. Rb8 Ka2 86. Kc2 b1Q+ 0-1

[Event "London Classic op 4th"]
[Site "London"]
[Date "2012.12.08"]
[Round "8"]
[White "Fayard, Alain"]
[Black "Fontaine, Olivier"]
[Result "1/2-1/2"]
[WhiteElo "2202"]
[BlackElo "1904"]
[PlyCount "87"]
[EventDate "2012.12.01"]
[EventType "swiss"]
[EventRounds "9"]
[EventCountry "ENG"]
[SourceTitle "EXT 2014"]
[Source "ChessBase"]
[SourceDate "2013.11.20"]
[SourceVersion "1"]
[SourceVersionDate "2013.11.20"]
[SourceQuality "1"]

1. d4 d5 2. c4 c6 3. Nc3 Nf6 4. Nf3 a6 5. c5 Bf5 6. Qb3 Qc8 7. Nh4 Bg4 8. h3 Bh5 9. Bf4 e6 10. g4 Bg6 11. Bg2 Nbd7 12. Nf3 Be7 13. Na4 Bd8 14. 0-0 0-0 15. Ne5 Nxe5 16. Bxe5 Nd7 17. Bd6 Re8 18. Qg3 Bf6 19. e3 Qd8 20. f4 Be7 21. Bxe7 Qxe7 22. Nc3 b5 23. cxb6 Nxb6 24. f5 exf5 25. gxf5 Bh5 26. Rae1 Nc4 27. e4 Nd2 28. Rf4 f6 29. e5 fxe5 30. dxe5 Kh8 31. Kh2 Nc4 32. Rxc4 dxc4 33. Bxc6 Rab8 34. Bxe8 Rxb2+ 35. Kg1 Bxe8 36. Re2 Rxe2 37. Nxe2 Qb4 38. Nc3 Qc5+ 39. Kh2 Qd4 40. Ne2 Qd3 41. Qf2 c3 42. f6 gxf6 43. Qxf6+ Kg8 44. Qe6+ 1/2-1/2

[Event "London Classic op 4th"]
[Site "London"]
[Date "2012.12.02"]
[Round "2"]
[White "Fontaine, Olivier"]
[Black "Skutta, Bernd"]
[Result "0-1"]
[WhiteElo "1904"]
[BlackElo "2067"]
[PlyCount "80"]
[EventDate "2012.12.01"]
[EventType "swiss"]
[EventRounds "9"]
[EventCountry "ENG"]
[SourceTitle "CBM 151 Extra"]
[Source "ChessBase"]
[SourceDate "2012.12.18"]
[SourceVersion "1"]
[SourceVersionDate "2012.12.18"]
[SourceQuality "1"]

1. Nf3 d6 2. d4 Nf6 3. g3 g6 4. Bg2 Bg7 5. 0-0 0-0 6. c4 Nc6 7. Nc3 Rb8 8. Qc2 Bg4 9. Rd1 Qc8 10. b3 Nh5 11. e3 e5 12. Bb2 exd4 13. Nd5 dxe3 14. Nxe3 Ne5 15. Nxg4 Qxg4 16. Nxe5 Bxe5 17. Bxe5 dxe5 18. Re1 Rfe8 19. Re4 Qg5 20. Rae1 Ng7 21. Qc3 f6 22. Qa5 c6 23. Qxa7 Qd2 24. a4 Qb4 25. Rf1 Nf5 26. c5 Nd4 27. f4 Qd2 28. Rfe1 Nc2 29. R1e2 Qd1+ 30. Bf1 Nd4 31. R2e3 f5 32. Rd3 Nf3+ 33. Rxf3 fxe4 34. Re3 Qd4 35. Kf2 exf4 36. gxf4 Rf8 37. Ke2 Rbd8 38. Qa5 Qd1+ 39. Kf2 Rxf4+ 40. Kg3 Qg4# 0-1

[Event "FRA-ch op-C"]
[Site "Aix les Bains"]
[Date "2007.08.20"]
[Round "7"]
[White "Fontaine, Olivier"]
[Black "Della Ragione, Enzo"]
[Result "0-1"]
[WhiteElo "1760"]
[BlackElo "1592"]
[PlyCount "134"]
[EventDate "2007.08.13"]
[EventType "swiss"]
[EventRounds "11"]
[EventCountry "FRA"]
[SourceTitle "CBM 120 Extra"]
[Source "ChessBase"]
[SourceDate "2007.11.01"]
[SourceVersion "1"]
[SourceVersionDate "2007.11.01"]
[SourceQuality "1"]

1. d4 Nf6 2. Nf3 g6 3. Nc3 Bg7 4. e4 d6 5. Be2 0-0 6. Bg5 Nbd7 7. Qd2 Re8 8. 0-0-0 c5 9. d5 Ng4 10. Rdf1 Nde5 11. Nxe5 Nxe5 12. h4 h5 13. f3 a6 14. Rhg1 b5 15. g4 hxg4 16. fxg4 Qa5 17. a3 Nc4 18. Bxc4 bxc4 19. Rg3 Be5 20. Bf4 Bxc3 21. Rxc3 Bxg4 22. Bh6 Qb5 23. Qf4 f5 24. h5 e5 25. Qg5 Bxh5 26. exf5 e4 27. Qf6 Qd7 28. fxg6 Qe7 29. Qf7+ Qxf7 30. gxf7+ Bxf7 31. Rg3+ Kh7 32. Rxf7+ Kxh6 33. Rf1 Re5 34. Rf6+ Kh5 35. Rf7 Rg5 36. Rxg5+ Kxg5 37. Rd7 Kf4 38. Rxd6 Ke3 39. Re6 Rf8 40. Kb1 Rf1+ 41. Ka2 Rd1 42. d6 Kf3 43. Rf6+ Ke2 44. b4 cxb4 45. axb4 e3 46. Re6 Kf2 47. Rf6+ Ke1 48. Kb2 e2 49. Kc3 Rd2 50. d7 Rxd7 51. Rh6 Kf2 52. Rh2+ Kf1 53. Rh1+ Kg2 54. Ra1 Kf2 55. Kxc4 Rc7+ 56. Kd3 e1Q 57. Rxe1 Kxe1 58. c4 Rb7 59. Kc3 Ke2 60. c5 Ke3 61. Kc4 Ke4 62. c6 Rc7 63. Kc5 Ke5 64. Kb6 Kd6 65. Kxa6 Kxc6 66. b5+ Kc5 67. b6 Rc6 0-1